MARC

LEADER 00000nab a2200000 a 4500
001 vtls000047037
003 SK-MaSNL
005 20260303191149.0
008 111103c1979 xo 0 slo
015 |a SNBRB19rr/mm-uuuuu 
035 |a CL0057133 
040 |a SNKBUCL  |b slo  |c SNKBUCL  |e AACR2 
041 0 |a slo 
044 |a xo  |c SK 
080 |a 82.09:885.4-3(048)  |2 1981 
080 |a 885.4-3(048)  |2 1981 
100 1 |a Žilková, Marta,  |d 1942-  |4 aut  |9 88073 
245 1 0 |a Jaroš staronový  |c Marta Žilková ; Peter Jaroš 
600 1 7 |a Jaroš, Peter,  |d 1940-  |2 snkbucl  |9 221581 
650 0 7 |a poviedky spoločenské  |2 snkbucl  |9 318463 
650 0 7 |a poviedky o láske  |2 snkbucl  |9 902348 
655 7 |a články z novín a časopisov  |2 snkbucl  |9 267496 
655 7 |a články z odboru literárna veda a krásna literatúra  |2 snkbucl  |9 770045 
700 1 |a Jaroš, Peter,  |d 1940-  |4 aut  |9 221581 
773 0 |t Nové slovo  |g Roč. 21, č. 41 (1979), s. 20 
787 0 8 |i Rec.:  |a Jaroš, Peter  |t Telo v herbári  |d Bratislava : Smena, 1979 
850 |a Slovenská národná knižnica v Martine  |a MTA001 
852 |a SNK  |b KIS3GCP 
958 |a RK 
958 |a LX 
992 |a RBX 
999 |c 2139689  |d 2141619